Normal view
MARC view
- Becoña Iglesias, Elisardo
Entry Nombre Personal
001 - NUMERO DE CONTROL
- campo de control: 35584
003 - IDENTIFICADOR DE NUMERO DE CONTROL
- campo de control: MX-MxUPN
005 - FECHA Y HORA DE LA ÜLTIMA TRANSACCIÓN
- campo de control: 20220216110559.0
008 - DATOS DE LONGITUD FIJA
- campo de control de longitud fija: 220216n||acannaabn a aaa |d
035 ## - NUMERO DE CONTROL
- Número de control: UPN11000007691
040 ## - FUENTE DE CATALOGACIÓN
- Agencia original de catalogación: MX-MxUPN
- Lenguaje de catalogación: spa
- Agencia de transcripción: MX-MxUPN
100 1# - ENCABEZAMIENTO - NOMBRE PERSONAL
- Nombre personal: Becoña Iglesias, Elisardo
400 1# - VEÁSE - NOMBRE DE PERSONA
- Personal name: Becoña, Elisardo
670 ## - FUENTE EN LA QUE SE LOCALIZARON DATOS
- Cita de la fuente: Psicología de la salud, 2000:
- Uniform Resource Identifier: portada (Elisardo Becoña Iglesias)
670 ## - FUENTE EN LA QUE SE LOCALIZARON DATOS
- Cita de la fuente: Heroína, cocaína y drogas de síntesis, 2001:
- Uniform Resource Identifier: portada (Elisardo Becoña Iglesias))
670 ## - FUENTE EN LA QUE SE LOCALIZARON DATOS
- Cita de la fuente: Tabaco y salud : guía de prevención y tratamiento del tabaquismo, 1994:
- Uniform Resource Identifier: portada (Elisardo Becoña)
902 ## - CATALOGADOR
- Catalogador: MCM/120814
